1072 1270 1228 1941 1802 1285 1249 1236 1733 1605 1666 1503 1703 1925 1303 1741 1183 1030 1269 1283 1209 1795 1524 1614 1971 1521 1693 1614 1789 1267 1842 1468 1018 1437 1470 1359 1289 1138 1184 1069 1972 1791 1615 1059 1944 1496 1335 1811 1463 1643 1969 1612 1155 1070 1503 1495 1731 1138 1691 1750 1526 1419 1210 1216 1477 1606 1861 1703 1970 1357 1914 1946 1138 1991 1282 1464 1987 1670 1112 1870 1744 1034 1695 1621 1511 1136 1830 1068 1166 1798 1800 1257 1144 1983 1812 1847 1328 1161 1619 BCNSPRNW ULIB Ver.6.0+V

เปลี่ยนเป็นภาษาไทย

Change to English
 แสดงรายละเอียดบรรณานุกรม
  กลับหน้าหลัก

Brief Record : Get Marc (ISO 2709) : E-mail record : QR code < ปิดหน้าต่าง
LEADER : 00000nam 2200000uu 4500
001    13399127400
003     ULIB
008    200519s2016||||th 000 0 tha d
020    ^a9781506256399 (pbk.)
050  4 ^aPE1128^bL887Bp
100 1  ^aLougheed, Lin,^d1946
245 10 ^aBarron s IELTS practice exams /^cLin Lougheed
246 3  ^aInternational English Language Testing System practiceexams
246 30 ^aIELTS practice exams
250    ^a3rd ed.
260    ^aHauppauge, N.Y. :^bBarron s Educational Series,^c2016
300    ^aiv, 457 p. :^bill. ;^c28 cm. +^e1 CD-ROM
650  0 ^aInternational English Language Testing System^vStudyguides
650  0 ^aEnglish language^vTextbooks for foreign speakers
650  0 ^aEnglish language^xExaminations^vStudy guides
653    ^aIELTS
945    ^p329^l0^i007071
999    ^aประนอม เกษจรัล
รายการนี้ยังไม่มีแท็ก
คุณยังไม่ได้ล็อกอิน คุณสามารถมีกิจกรรมร่วมกับเว็บไซต์ได้ แต่ต้องล็อกอินก่อน ::
  ล็อกอิน

รายการสื่อสารสนเทศ

ลำดับที่ ประเภท เลขเรียก/บาร์โค้ด สถานที่ สถานะ
1. การศึกษาทั่วไป
หนังสือสำรอง
สถานะ=หนังสือสำรอง
PE1128 L887Bp ฉ.1 
  Barcode: 007071
ห้องสมุดวิทยาเขตสวรรค์ประชารักษ์
►หนังสือทั่วไป
ถูกยืม กำหนดส่งวันที่ 6 กุมภาพันธ์ 2569
  จอง

BibComment


ยังไม่เคยถูกคอมเมนท์

คอมเมนท์ทรัพยากรรายการนี้
  คอมเมนท์: Barron s IELTS p..


 Copyright 2026. Bcnsprnw @Library